IFM Opac

Marketing in a changing environment (Record no. 16943)

MARC details
000 -LEADER
fixed length control field 00375cam a2200145 4500
082 ## - DEWEY DECIMAL CLASSIFICATION NUMBER
Classification number 658.8 HOL
100 1# - MAIN ENTRY--PERSONAL NAME
Personal name Holloway, Robert J.
245 10 - TITLE STATEMENT
Title Marketing in a changing environment
260 ## - PUBLICATION, DISTRIBUTION, ETC.
Place of publication, distribution, etc. New York,
Name of publisher, distributor, etc. Wiley
Date of publication, distribution, etc. [1968]
300 ## - PHYSICAL DESCRIPTION
Extent ix, 498 p.
Other physical details illus.
490 1# - SERIES STATEMENT
Series statement The Wiley marketing series
650 #0 - SUBJECT ADDED ENTRY--TOPICAL TERM
Topical term or geographic name entry element Marketing.
700 1# - ADDED ENTRY--PERSONAL NAME
Personal name Hancock, Robert Spencer,
942 ## - ADDED ENTRY ELEMENTS (KOHA)
Koha item type Books
Holdings
Withdrawn status Lost status Source of classification or shelving scheme Damaged status Not for loan Home library Current library Shelving location Date acquired Full call number Barcode Date last seen Price effective from Koha item type
    Dewey Decimal Classification     IFM Main Campus Library IFM Main Campus Library   10/27/2016 658.8 HOL 0000012009 10/27/2016 10/27/2016 Books